Zonguldak kömür havzasının iki yüzyılı (Record no. 3733)

MARC details
000 -BAŞLIK
Sabit Uzunlukta Kontrol Alanı 00687na a2200241 4500
001 - KONTROL NUMARASI
Denetim Alanı 17422
003 - KONTROL NUMARASI IDENTIFIER
Denetim Alanı MIRAKIL
005 - SON İŞLEM TARİHİ VE ZAMANI
Denetim Alanı 20181213154941.0
008 - SABİT-BOY VERİ ELEMANLARI - GENEL BİLGİLER
Sabit Uzunlukta Kontrol Alanı 161024b tu 000 0
020 ## - ULUSLARARASI STANDART KİTAP NUMARASI
Uluslararası Standart Kitap Numarası 9753957688
040 ## - KATALOGLAMA KAYNAK
Orijinal Kataloglama Ajansı Milas
Kataloglama Dili tur
Metne Dönüştürmek Ajansı TR-AnCHP
041 ## - DİL KODU
Metin / Ses Parça Veya Ayrı Başlığın Dil Kodu tur
082 ## - DEWEY ONLU SINIFLANDIRMA NUMARASI
Sınıflandırma Numarası 338.209561
Ürün Numarası Z25z 2004
090 ## - SINIFLAMA NUMARASI
Sınıflama Numarası 338.209561 Z25z 2004
100 ## - ANA GİRİŞ - KİŞİSEL İSİM
Kişisel Ad Zaman, Ekrem Murat
245 ## - BAŞLIK TABLOSU
Başlık Zonguldak kömür havzasının iki yüzyılı
Sorumluluk Tablosu, Vb Ekrem Murat Zaman
260 ## - YAYIN, DAĞITIM, VB
Yayın, Dağıtım, Vb Yeri Ankara
Yayıncı, Dağıtıcı, Vs Adı Maden Mühendisleri Odası
Yayın, Dağıtım, Vb Tarihi 2004
300 ## - FİZİKSEL TANIM
Kapsam 166 s.
Diğer Fiziksel Ayrıntıları res.
Boyutlar 30 sm.
504 ## - KAYNAKÇA VB NOT
Kaynakça Vb Notu Kaynakça var.
650 ## - KONU KATMA GİRİŞ - TOPİKAL DÖNEM
Topikal Süreli Veya Coğrafi Ad Giriş Elemanı Madencilik
Genel Alt Bölümü Tarih
Coğrafi Alt Bölümü Zonguldak
651 ## - KONU KATMA GİRİŞ - COĞRAFİ ADI
Coğrafi İsim Türkiye
Genel Alt Bölümü Madencilik
Kronolojik Alt Bölümü Tarih
942 ## - EKLENDİ GİRİŞ ELEMANLARI (KOHA)
Sınıflandırma Veya Raf Düzeni Kaynak Dewey Decimal Classification
Koha Öğesi Türü Books
999 ## - SİSTEM KONTROL NUMARALARI (KOHA)
Koha Biblionumber 3733
Koha Biblioitemnumber 3733
Holdings
Kalıcı Konum Mevcut Konum Edinme Tarihi Edinim Kaynak Toplam Check-Out'Lar Tam Çağrı Numarası Barkod Tarih Son Görülme İtibaren Geçerli Fiyatlar Koha Öğesi Türü
CHP Kütüphanesi CHP Kütüphanesi 10/24/2016 Bağış   338.209561 Z25z 2004 005897 10/24/2016 10/24/2016 Books